The elements of graphing data
Αποθηκεύτηκε σε:
| Κύριος συγγραφέας: | |
|---|---|
| Μορφή: | Βιβλίο |
| Γλώσσα: | English |
| Δημοσίευση: |
New Jersey :
AT & T Bell Laboratories,
c1994
|
| Έκδοση: | Rev. ed. |
| Θέματα: | |
| Ετικέτες: |
Προσθήκη ετικέτας
Δεν υπάρχουν, Καταχωρήστε ετικέτα πρώτοι!
|
MARC
| LEADER | 00000nam a2200000 i 4500 | ||
|---|---|---|---|
| 001 | 1/88461 | ||
| 008 | 990824s1994 eng d | ||
| 020 | |a 0-9634884-1-4 | ||
| 035 | |l 10052542 | ||
| 040 | |a GR-MY-UA |b gre |e aacr | ||
| 041 | 0 | |a eng | |
| 082 | 0 | |a 001.4226 | |
| 100 | 1 | |a Cleveland, William S. |d 1943- | |
| 245 | 1 | 4 | |a The elements of graphing data / |c by Williams S. Cleveland |
| 250 | |a Rev. ed. | ||
| 260 | |a New Jersey : |b AT & T Bell Laboratories, |c c1994 | ||
| 300 | |a 297 σ.; |b εικ. (μερ. έγχρ.); |c 25 εκ. | ||
| 504 | |a Περιέχει βιβλιογραφικές παραπομπές (σ. 271-280) και ευρετήριο | ||
| 650 | 0 | 0 | |a Graphic methods. |
| 852 | |a INST |b LESVOS |e 19990824 |h 001.4226 CLE |p 005100019394 |q 005100019394 |t BK |y 0 | ||
| 901 | |a BIBL1-1999-3 | ||
| 909 | |a Λ |b 064214 | ||
| 922 | |a 1ΕΛΗ |b 199902 |c ΚΠΣ/ΤΓ |d LEADER | ||
| 950 | |a 118-1998-10-19 | ||
| 970 | |a ΤΖΑΦΕΡΗ |b ΕΥΑΓΓΕΛΙΑ |z 1999/09/28 | ||